000 00909nam a22002057a 4500
005 20250408124528.0
008 250408b |||||||| |||| 00| 0 eng d
037 _cTB
040 _aCRL
_cCRL
041 _2pun
_apun
084 _aV243,4AN20 153R4
245 _aਜਥੇਦਾਰ ਗੁਰਚਰਨ ਸਿੰਘ ਟੋਹਰਾ
_b:ਇਤੀਹਸਾਸਿਕ ਮੁਲਾਕਾਤਾਂ ਤੇ ਦਸਤਾਵੇਜ
260 _aਸੰਗਰੂਰ, ਭਾਰਤ:
_bਰਿਥਿੰਕ ਬੂਕਸ,
_c2024.
300 _a130 ਪ.
365 _b299.00
_cINR
650 _2ਇਤਿਹਾਸ ਪੰਜਾਬ
650 _aਜਥੇਦਾਰ ਗੁਰਚਰਨ ਸਿੰਘ ਟੋਹਰਾ
_9751919
942 _2CC
_cTB
_hV243,4AN20 153R4
_n0
999 _c1308522
_d1308522